000
00209nam a22001097a 4500
041
_a
ENG
245
_a
Originor Of Ide
260
_a
Delhi
_b
Khann Pub
_c
1998
300
_a
309
650
_a
GAE
856
_u
GAE
999
_c
3179
_d
3179